Statistics for Odd One Out: Flags

Click here to take the quiz!

General Stats

  • This quiz has been taken 33 times
  • The average score is 5 of 10

Answer Stats

QuestionAnswer% Correct
Which of these does not represent a Japanese prefecture?
75%
Which of these does not represent an American organization?
63%
Which of these does not represent a US state?
63%
Which of these does not represent a Japanese prefecture?
56%
Which of these represents a location in Europe?
50%
Which of these does not represent a location in Africa?
50%
Which of these represents a city in the United Kingdom?
47%
Which of these does not represent a Brazilian state?
38%
Which one of these represents a European organization?
28%
Which of these does not represent a location in Brazil?
28%

Score Distribution

Percentile by Number Answered

Percent of People with Each Score

Your Score History

You have not taken this quiz